Top 10 Rock Groups of All-Time - Statistics

General Stats
  • This quiz has been taken 570 times
  • The average score is 7 of 10
Answer Stats
Rank Band Name Years Active Hit Song % Correct
#7 The Rolling Stones 1962-Present Satisfaction
94%
#2 The Beatles 1960-1970 Eleanor Rigby
91%
#3 Queen 1970-Present Under Pressure
88%
#10 AC/DC 1973-Present TNT
78%
#1 Led Zeppelin 1968-1980 Kashmir
77%
#6 Nirvana 1987-1994 Lithium
71%
#5 Pink Floyd 1965-1994 Money
71%
#8 The Who 1964-1982 My Generation
69%
#9 Guns N' Roses 1985-Present Civil War
45%
#4 The Ramones 1974-1996 Rockaway Beach
26%
No matching quizzes found
Score Distribution
Percent of People with Each Score
Percentile by Number Answered
Your Score History
You have not taken this quiz